[Event "Titled Tuesday intern op 1st Oct"]
[Site "Chess.com INT"]
[Date "2019.10.01"]
[Round "7"]
[White "Paveliev, Alexey"]
[Black "Novikov, Evgenij"]
[Result "0-1"]
[WhiteElo "2379"]
[BlackElo "2276"]
[PlyCount "128"]
[EventDate "2019.10.01"]
[EventType "swiss (blitz)"]
[EventRounds "10"]
[EventCountry "USA"]
[SourceTitle "EXT 2021"]
[Source "ChessBase"]
[SourceDate "2020.10.23"]
[SourceVersion "1"]
[SourceVersionDate "2020.10.23"]
[SourceQuality "1"]

1. e4 c6 2. d4 d5 3. Nd2 g6 4. Ngf3 Bg7 5. c3 Bg4 6. h3 Bxf3 7. Qxf3 dxe4 8. Nxe4 Nd7 9. Bc4 Ngf6 10. Ng5 0-0 11. 0-0 Nb6 12. Bb3 a5 13. a4 Nbd5 14. Re1 h6 15. Ne4 Nxe4 16. Qxe4 e6 17. Bd2 Qb6 18. Ra3 Rfd8 19. c4 Nf6 20. Qf3 Qxd4 21. Bc3 Qh4 22. g3 Qg5 23. Re5 Qc1+ 24. Re1 Qg5 25. Raa1 Qf5 26. Qg2 Nd7 27. g4 Qf4 28. Re4 Qg5 29. Bxg7 Kxg7 30. Bd1 Nc5 31. Re3 Rd4 32. b3 Rad8 33. Bf3 e5 34. Rae1 f6 35. Qg3 Ne6 36. Re4 Rxe4 37. Rxe4 Qc1+ 38. Kh2 Nf4 39. h4 g5 40. Re3 Rd2 41. Be4 Qf1 42. Rf3 Rd1 43. Re3 Rd2 44. Rf3 gxh4 45. Qg1 Qxg1+ 46. Kxg1 Rb2 47. c5 Rd2 48. Bf5 Rd1+ 49. Kh2 Rc1 50. Bc8 Rxc5 51. Bxb7 Kg6 52. Bc8 Kg5 53. Re3 Rc2 54. Kg1 h3 55. Bf5 Rc1+ 56. Kh2 Rf1 57. Rf3 h5 58. Bd7 hxg4 59. Rg3 f5 60. Bxc6 Rxf2+ 61. Kg1 Rc2 62. Bb5 Ne2+ 63. Bxe2 Rxe2 64. Rc3 f4 0-1

[Event "Moscow Victory Day op"]
[Site "Moscow"]
[Date "2011.04.30"]
[Round "1"]
[White "Yeletsky, Ivan"]
[Black "Paveliev, Alexey"]
[Result "0-1"]
[WhiteElo "1930"]
[BlackElo "2389"]
[PlyCount "94"]
[EventDate "2011.04.30"]
[EventType "swiss"]
[EventRounds "9"]
[EventCountry "RUS"]
[SourceTitle "CBM 142 Extra"]
[Source "ChessBase"]
[SourceDate "2011.06.27"]
[SourceVersion "1"]
[SourceVersionDate "2011.06.27"]
[SourceQuality "1"]

1. d4 Nf6 2. Nf3 e6 3. e3 b6 4. Bd3 Bb7 5. 0-0 c5 6. b3 Nc6 7. Nbd2 cxd4 8. exd4 Nb4 9. Be2 Nbd5 10. Nb1 Bb4 11. c4 Nc3 12. Nxc3 Bxc3 13. Rb1 Be4 14. Bd3 Bxf3 15. Qxf3 Bxd4 16. Ba3 Bc5 17. Bb2 0-0 18. Rbd1 Qe7 19. g4 d5 20. Bxf6 Qxf6 21. Qxf6 gxf6 22. cxd5 exd5 23. Bf5 Rad8 24. Rd3 Kg7 25. Rfd1 Rfe8 26. Kf1 d4 27. b4 Bxb4 28. Rxd4 Rxd4 29. Rxd4 Re1+ 30. Kg2 Bc5 31. Rd2 b5 32. Rd5 Bb6 33. Bd3 Ra1 34. Bxb5 Rxa2 35. Rf5 a5 36. Kg3 a4 37. Rf3 a3 38. Bc4 Rc2 39. Bd5 a2 40. Bxa2 Rxa2 41. Rf5 Bc7+ 42. f4 Ra3+ 43. Kg2 Ra5 44. Rxa5 Bxa5 45. f5 Kh6 46. h4 Be1 47. Kh3 Bf2 0-1

[Event "Moscow-chT"]
[Site "Moscow"]
[Date "2010.12.12"]
[Round "4"]
[White "Paveliev, Alexey"]
[Black "Saulin, Dmitri"]
[Result "1/2-1/2"]
[WhiteElo "2387"]
[BlackElo "2432"]
[PlyCount "258"]
[EventDate "2010.11.20"]
[EventType "team-tourn"]
[EventRounds "7"]
[EventCountry "RUS"]
[SourceTitle "CBM 139 Extra"]
[Source "ChessBase"]
[SourceDate "2011.01.05"]
[SourceVersion "1"]
[SourceVersionDate "2011.01.05"]
[SourceQuality "1"]
[WhiteTeam "Sketch Contact"]
[BlackTeam "Yakimanka"]
[WhiteTeamCountry "RUS"]
[BlackTeamCountry "RUS"]

1. Nc3 d5 2. e4 dxe4 3. Nxe4 Nd7 4. Bc4 e6 5. Nf3 Ngf6 6. Nxf6+ Nxf6 7. 0-0 c5 8. d4 a6 9. Be3 Qc7 10. a4 Bd6 11. dxc5 Bxc5 12. Bxc5 Qxc5 13. Qe2 0-0 14. Ne5 Bd7 15. Rfe1 Bc6 16. c3 Be4 17. Nd7 Nxd7 18. Qxe4 Nf6 19. Qf4 Rac8 20. Ba2 Qb6 21. Re2 Rfd8 22. Rae1 Rc6 23. h3 Rcd6 24. b4 Qc6 25. Qf3 Qxa4 26. Qxb7 Rd1 27. Bc4 Qa1 28. Kf1 Qxc3 29. Bxa6 R1d7 30. Qb5 Rd4 31. Qc5 Qa3 32. Bc4 Qc3 33. Bb5 Qxb4 34. Qxb4 Rxb4 35. Bc6 h5 36. Ra2 Rd6 37. Bf3 g5 38. Re5 g4 39. hxg4 hxg4 40. Ba8 Nd7 41. Re1 Nc5 42. Rc2 Nb3 43. Kg1 Nd4 44. Ra2 Kg7 45. Be4 f5 46. Bd3 Kf6 47. Bf1 Rd8 48. Ra6 Rg8 49. Bd3 g3 50. fxg3 Rxg3 51. Rb1 Rxb1+ 52. Bxb1 Rb3 53. Ba2 Rb2 54. Bc4 Rc2 55. Bd3 Rc3 56. Bf1 Kg5 57. Kf2 e5 58. Ra4 Kf4 59. Rc4 Ra3 60. Rc1 e4 61. Bc4 Ke5 62. g3 Kf6 63. Rd1 Rf3+ 64. Kg2 Nc2 65. Rd6+ Kg5 66. Bf7 Ne3+ 67. Kh3 f4 68. Rg6+ Kf5 69. Kh4 Ke5 70. Re6+ Kd4 71. Bg6 Ng2+ 72. Kh5 e3 73. Re4+ Kd5 74. gxf4 Rf2 75. Kg4 Nxf4 76. Rxe3 Nxg6 77. Kg3 Rf5 78. Kg4 Rf1 79. Kg5 Ne5 80. Re2 Ke6 81. Ra2 Rf5+ 82. Kh4 Rf4+ 83. Kg3 Rf3+ 84. Kg2 Re3 85. Kf2 Ng4+ 86. Kg2 Nf6 87. Kf2 Rc3 88. Ra5 Nd5 89. Ke2 Ke5 90. Kd2 Rc4 91. Kd3 Rd4+ 92. Kc2 Ke4 93. Ra8 Ne3+ 94. Kc3 Rc4+ 95. Kb3 Rc6 96. Rh8 Kd4 97. Rd8+ Nd5 98. Kb2 Rc5 99. Kb3 Kd3 100. Kb2 Rb5+ 101. Kc1 Kc4 102. Rc8+ Kd4 103. Rd8 Kd3 104. Rd6 Rc5+ 105. Kb2 Kd2 106. Kb3 Kc1 107. Rd8 Rc3+ 108. Ka4 Rd3 109. Rh8 Kb2 110. Kb5 Kb3 111. Kc5 Nb4 112. Rh1 Rd5+ 113. Kb6 Na2 114. Kc6 Nc3 115. Rh4 Rd3 116. Kc5 Na4+ 117. Kc6 Nb2 118. Rh5 Nc4 119. Kc5 Nd6 120. Rh4 Kc3 121. Ra4 Nb7+ 122. Kb6 Kb3 123. Rh4 Nd8 124. Re4 Rd7 125. Kc5 Rd3 126. Rb4+ Ka3 127. Kc4 Rd4+ 128. Kxd4 Nc6+ 129. Kc5 Nxb4 1/2-1/2

[Event "Moscow-chT"]
[Site "Moscow"]
[Date "2010.11.20"]
[Round "1"]
[White "Paveliev, Alexey"]
[Black "Demidov, Mikhail"]
[Result "1/2-1/2"]
[WhiteElo "2387"]
[BlackElo "2395"]
[PlyCount "157"]
[EventDate "2010.11.20"]
[EventType "team-tourn"]
[EventRounds "7"]
[EventCountry "RUS"]
[SourceTitle "CBM 139 Extra"]
[Source "ChessBase"]
[SourceDate "2011.01.05"]
[SourceVersion "1"]
[SourceVersionDate "2011.01.05"]
[SourceQuality "1"]
[WhiteTeam "Sketch Contact"]
[BlackTeam "Navigator"]
[WhiteTeamCountry "RUS"]
[BlackTeamCountry "RUS"]

1. e4 e6 2. Nc3 d5 3. d4 Nf6 4. Bd3 c5 5. dxc5 Bxc5 6. e5 Nfd7 7. Qg4 g6 8. Nf3 Nc6 9. Qg3 a6 10. 0-0 Bf8 11. Bg5 Qc7 12. Rfe1 Bg7 13. Bf4 Ne7 14. h4 h6 15. Rad1 Nb6 16. h5 g5 17. Nxg5 hxg5 18. Qxg5 Bf8 19. Re3 Bd7 20. Rh3 Ng8 21. h6 Bxh6 22. Rxh6 Nxh6 23. Qf6 Rg8 24. Bxh6 Qd8 25. Bg7 Qxf6 26. Bxf6 d4 27. Ne4 Bc6 28. Nd6+ Kf8 29. Be4 Bxe4 30. Nxe4 Nd5 31. Rxd4 b5 32. b3 Nf4 33. Kf1 Rg6 34. Bg5 Nd5 35. Bd2 a5 36. c4 bxc4 37. Rxc4 Kg7 38. Bg5 Kg8 39. g3 Rb8 40. Nf6+ Kg7 41. Bh4 Rb5 42. Rc8 Nxf6 43. Bxf6+ Rxf6 44. exf6+ Kxf6 45. Rc4 Kg5 46. Ke2 f5 47. Ke3 Re5+ 48. Kd3 Rd5+ 49. Rd4 Rc5 50. Rc4 Rd5+ 51. Kc2 e5 52. a3 e4 53. b4 Kg4 54. Rc5 Rd3 55. b5 a4 56. Rc3 Rd5 57. b6 Rb5 58. Rc4 Rxb6 59. Rxa4 Kf3 60. Rb4 Rf6 61. a4 Kxf2 62. g4 e3 63. gxf5 e2 64. Re4 e1Q 65. Rxe1 Kxe1 66. Kc3 Rxf5 67. Kb4 Kd2 68. a5 Rf4+ 69. Kb5 Kc3 70. a6 Rf5+ 71. Kb6 Rf6+ 72. Kb7 Rf7+ 73. Kb8 Kb4 74. a7 Rf8+ 75. Kb7 Rf7+ 76. Kb8 Kb5 77. a8Q Rf8+ 78. Ka7 Rxa8+ 79. Kxa8 1/2-1/2

[Event "Zvenigorod Autumn op-A"]
[Site "Zvenigorod"]
[Date "2008.09.29"]
[Round "7"]
[White "Kanter, Eduard"]
[Black "Paveliev, Alexey"]
[Result "1/2-1/2"]
[WhiteElo "2349"]
[BlackElo "2390"]
[PlyCount "65"]
[EventDate "2008.09.25"]
[EventType "swiss"]
[EventRounds "9"]
[EventCountry "RUS"]
[SourceTitle "EXT 2009"]
[Source "ChessBase"]
[SourceDate "2008.11.26"]
[SourceVersion "1"]
[SourceVersionDate "2008.11.26"]
[SourceQuality "1"]

1. d4 d5 2. c4 c6 3. Nf3 Nf6 4. Nc3 a6 5. e3 b5 6. c5 Nbd7 7. Be2 Qc7 8. b4 a5 9. bxa5 e5 10. a4 Qxa5 11. Bd2 b4 12. Na2 Qxa4 13. Qxa4 Rxa4 14. 0-0 e4 15. Ng5 b3 16. Nb4 Rxa1 17. Rxa1 Nb8 18. Bc3 Be7 19. Ra8 Nfd7 20. f4 0-0 21. Bd1 Bf6 22. Bxb3 h6 23. Nh3 Nxc5 24. dxc5 Bxc3 25. Rxb8 Bxh3 26. Rxf8+ Kxf8 27. Nxd5 cxd5 28. gxh3 d4 29. c6 Ke7 30. Bxf7 dxe3 31. Kf1 Kd6 32. Bd5 Ba5 33. Bxe4 1/2-1/2

[Event "Zvenigorod Autumn op-A"]
[Site "Zvenigorod"]
[Date "2008.09.25"]
[Round "1"]
[White "Deviatkin, Andrei"]
[Black "Paveliev, Alexey"]
[Result "1-0"]
[WhiteElo "2567"]
[BlackElo "2390"]
[PlyCount "103"]
[EventDate "2008.09.25"]
[EventType "swiss"]
[EventRounds "9"]
[EventCountry "RUS"]
[SourceTitle "EXT 2009"]
[Source "ChessBase"]
[SourceDate "2008.11.26"]
[SourceVersion "1"]
[SourceVersionDate "2008.11.26"]
[SourceQuality "1"]

1. d4 Nf6 2. Nf3 e6 3. c4 Bb4+ 4. Bd2 Qe7 5. Qa4 Nc6 6. g3 Ne4 7. Bxb4 Qxb4+ 8. Qxb4 Nxb4 9. Na3 d5 10. Bg2 c6 11. 0-0 0-0 12. Rfc1 Rd8 13. Nc2 Nxc2 14. Rxc2 Bd7 15. e3 Be8 16. Bh3 Kf8 17. Rac1 Ke7 18. Ne5 f6 19. Nd3 Bg6 20. Nf4 Bf7 21. cxd5 exd5 22. Bf1 g5 23. Nd3 a5 24. Be2 h5 25. f3 Nd6 26. Nc5 Bg6 27. Rc3 Rab8 28. Re1 Kf7 29. Kf2 Ra8 30. Rb3 b5 31. Rc3 b4 32. Rcc1 Rdc8 33. Rh1 a4 34. h4 Ra7 35. hxg5 fxg5 36. Nd3 b3 37. Ne5+ Kg7 38. Nxg6 Kxg6 39. Bd3+ Kf6 40. a3 Rg7 41. Rxh5 Ke7 42. e4 dxe4 43. fxe4 Rf8+ 44. Ke3 Kd7 45. Rc5 Rgf7 46. Be2 Re7 47. e5 Nf5+ 48. Kd3 Nxg3 49. Bg4+ Kc7 50. Rh6 Kb7 51. Rhxc6 Nf5 52. Rf6 1-0

[Event "Moscow Victory Day-A"]
[Site "Moscow"]
[Date "2008.05.03"]
[Round "10"]
[White "Gavrilov, Alexei"]
[Black "Paveliev, Alexey"]
[Result "1-0"]
[WhiteElo "2456"]
[BlackElo "2392"]
[PlyCount "101"]
[EventDate "2008.04.24"]
[EventType "tourn"]
[EventRounds "13"]
[EventCountry "RUS"]
[EventCategory "7"]
[SourceTitle "CBM 124 Extra"]
[Source "ChessBase"]
[SourceDate "2008.07.03"]
[SourceVersion "1"]
[SourceVersionDate "2008.07.03"]
[SourceQuality "1"]

1. d4 Nf6 2. Nf3 e6 3. c4 Bb4+ 4. Bd2 Bxd2+ 5. Qxd2 d6 6. Nc3 Qe7 7. g3 0-0 8. Bg2 e5 9. 0-0 Nbd7 10. Rfd1 Nb6 11. b3 Bg4 12. Nh4 e4 13. Qf4 Rae8 14. Nxe4 Nxe4 15. Qxg4 Nf6 16. Qg5 h6 17. Qd2 Qxe2 18. Bxb7 Qg4 19. Bf3 Qh3 20. Qf4 Nbd7 21. Re1 g5 22. Qf5 Qxf5 23. Nxf5 Kh7 24. Ne7 c5 25. Nf5 cxd4 26. Nxd4 Ne5 27. Bg2 Nd3 28. Red1 Nc5 29. Nb5 Re2 30. Nxd6 Rb2 31. h3 Rd8 32. Nxf7 Rxd1+ 33. Rxd1 Rxa2 34. Rd6 Kg7 35. Nxh6 Nce4 36. Nf5+ Kf7 37. Rd4 Nxf2 38. g4 Ke6 39. c5 Ke5 40. c6 Ne8 41. Rd7 Kf4 42. c7 Rc2 43. Nd4 Nxh3+ 44. Bxh3 Rc1+ 45. Kf2 Ke5 46. Nb5 Nf6 47. Re7+ Kf4 48. Nd6 Rc2+ 49. Ke1 Nd5 50. c8Q Rxc8 51. Nxc8 1-0

[Event "Moscow Victory Day-A"]
[Site "Moscow"]
[Date "2008.05.01"]
[Round "8"]
[White "Krylov, Mikhail"]
[Black "Paveliev, Alexey"]
[Result "1-0"]
[WhiteElo "2409"]
[BlackElo "2392"]
[PlyCount "103"]
[EventDate "2008.04.24"]
[EventType "tourn"]
[EventRounds "13"]
[EventCountry "RUS"]
[EventCategory "7"]
[SourceTitle "CBM 124 Extra"]
[Source "ChessBase"]
[SourceDate "2008.07.03"]
[SourceVersion "1"]
[SourceVersionDate "2008.07.03"]
[SourceQuality "1"]

1. d4 Nf6 2. c4 e6 3. g3 Bb4+ 4. Bd2 Bxd2+ 5. Qxd2 d5 6. Bg2 dxc4 7. Nf3 Bd7 8. Ne5 Bc6 9. Nxc6 Nxc6 10. e3 0-0 11. Na3 Qe8 12. Nxc4 e5 13. dxe5 Nxe5 14. Qc3 Nxc4 15. Qxc4 Qe5 16. 0-0 c6 17. Qb4 Rab8 18. Rad1 Rfc8 19. Rd2 b6 20. Rfd1 c5 21. Qa4 Qe7 22. e4 c4 23. Rd4 b5 24. Qa6 h6 25. h3 Qc5 26. a3 Re8 27. Qa5 Rbc8 28. Kh2 c3 29. bxc3 Qxc3 30. Qxb5 Qxa3 31. Ra4 Qe7 32. f4 Rc2 33. e5 Nh7 34. Rd7 Qe6 35. Rd6 Qc8 36. Rxa7 Rxg2+ 37. Kxg2 Qc2+ 38. Kf3 Rc8 39. Rd3 Qc1 40. Qd5 Qf1+ 41. Kg4 Qe2+ 42. Qf3 Qc2 43. Qd1 h5+ 44. Kh4 g5+ 45. Kxh5 Qg2 46. Qg4 Rc6 47. Rd8+ Nf8 48. Qxg5+ Rg6 49. Rxf8+ Kxf8 50. Rxf7+ Kxf7 51. Qxg6+ Kf8 52. Kh4 1-0

[Event "Moscow Victory Day-A"]
[Site "Moscow"]
[Date "2008.04.30"]
[Round "7"]
[White "Paveliev, Alexey"]
[Black "Konovalov, Nikolay"]
[Result "1/2-1/2"]
[WhiteElo "2392"]
[BlackElo "2426"]
[PlyCount "49"]
[EventDate "2008.04.24"]
[EventType "tourn"]
[EventRounds "13"]
[EventCountry "RUS"]
[EventCategory "7"]
[SourceTitle "CBM 124 Extra"]
[Source "ChessBase"]
[SourceDate "2008.07.03"]
[SourceVersion "1"]
[SourceVersionDate "2008.07.03"]
[SourceQuality "1"]

1. e4 c5 2. Nf3 Nc6 3. Nc3 Nf6 4. d4 cxd4 5. Nxd4 d6 6. Be2 Nxd4 7. Qxd4 g6 8. Bg5 Bg7 9. Qd2 0-0 10. 0-0 Be6 11. Bd3 Qb6 12. Be3 Qa5 13. Nd5 Qxd2 14. Nxe7+ Kh8 15. Bxd2 Rfe8 16. Nd5 Nxd5 17. exd5 Bxd5 18. c3 Be4 19. Bc4 d5 20. Bb5 Red8 21. Bg5 Rd6 22. f3 Bf5 23. g4 Be6 24. Bf4 Rdd8 25. Bg5 1/2-1/2

[Event "Moscow Victory Day-A"]
[Site "Moscow"]
[Date "2008.04.29"]
[Round "6"]
[White "Reshetnikov, Alexey"]
[Black "Paveliev, Alexey"]
[Result "1/2-1/2"]
[WhiteElo "2402"]
[BlackElo "2392"]
[PlyCount "28"]
[EventDate "2008.04.24"]
[EventType "tourn"]
[EventRounds "13"]
[EventCountry "RUS"]
[EventCategory "7"]
[SourceTitle "CBM 124 Extra"]
[Source "ChessBase"]
[SourceDate "2008.07.03"]
[SourceVersion "1"]
[SourceVersionDate "2008.07.03"]
[SourceQuality "1"]

1. d4 Nf6 2. Nf3 e6 3. c4 Bb4+ 4. Bd2 Bxd2+ 5. Nbxd2 d6 6. e3 Qe7 7. Bd3 e5 8. Qc2 Bg4 9. Bf5 Bxf5 10. Qxf5 Nbd7 11. 0-0 0-0 12. Rfd1 Rfe8 13. dxe5 Nxe5 14. Nxe5 Qxe5 1/2-1/2

[Event "RUS-chT2"]
[Site "Sochi"]
[Date "2008.04.09"]
[Round "7"]
[White "Potapov, Alexey"]
[Black "Paveliev, Alexey"]
[Result "1-0"]
[WhiteElo "2320"]
[BlackElo "2423"]
[PlyCount "157"]
[EventDate "2008.04.03"]
[EventType "team"]
[EventRounds "9"]
[EventCountry "RUS"]
[SourceTitle "CBM 123 Extra"]
[Source "ChessBase"]
[SourceDate "2008.05.06"]
[SourceVersion "1"]
[SourceVersionDate "2008.05.06"]
[SourceQuality "1"]

1. e4 d5 2. exd5 Qxd5 3. Nc3 Qd6 4. d4 Nf6 5. Nge2 Bf5 6. Bf4 Qd7 7. Ng3 Bg6 8. Qf3 c6 9. 0-0-0 e6 10. h4 h6 11. h5 Bh7 12. Bxh6 Nd5 13. Bg5 Be7 14. Bxe7 Qxe7 15. Nce4 Nd7 16. c4 f5 17. Nd2 Nb4 18. a3 Na6 19. Bd3 0-0-0 20. Rhe1 Qf6 21. Nb3 Bg8 22. Qf4 Bf7 23. d5 Ndc5 24. Nxc5 Nxc5 25. Bc2 Bxh5 26. Nxh5 Rxh5 27. dxc6 Rxd1+ 28. Rxd1 Qh6 29. cxb7+ Nxb7 30. Qxh6 Rxh6 31. Rd3 Rh4 32. Rg3 Rxc4 33. Rxg7 a5 34. Kd2 Nc5 35. b3 Rd4+ 36. Kc3 Rf4 37. f3 Nd7 38. Re7 Nc5 39. b4 Kd8 40. Ra7 axb4+ 41. axb4 Nd7 42. Ba4 Nb6 43. Bb3 e5 44. Rb7 Nd7 45. Bd5 Nf6 46. Bc6 Rd4 47. b5 Rd6 48. Ra7 e4 49. fxe4 fxe4 50. Ra2 Ke7 51. Kc4 e3 52. Re2 Ng4 53. Kc5 Rf6 54. b6 Kd8 55. Ra2 Rf5+ 56. Kd6 Rf6+ 57. Kd5 Rf5+ 58. Ke4 Rf2 59. b7 Kc7 60. Ra8 Rb2 61. Rc8+ Kd6 62. b8Q+ Rxb8 63. Rxb8 e2 64. Rb1 Kxc6 65. Kd3 Kd5 66. Kxe2 Ke4 67. Rb4+ Kf5 68. Kf3 Nh2+ 69. Kg3 Nf1+ 70. Kh4 Ne3 71. g4+ Kg6 72. Rb6+ Kf7 73. Kg5 Nd5 74. Ra6 Ne7 75. Ra7 Kf8 76. Rxe7 Kxe7 77. Kg6 Kf8 78. Kh7 Kf7 79. g5 1-0

[Event "RUS-chT2"]
[Site "Sochi"]
[Date "2008.04.04"]
[Round "2"]
[White "Babiy, Anatoly"]
[Black "Paveliev, Alexey"]
[Result "1/2-1/2"]
[WhiteElo "2452"]
[BlackElo "2423"]
[PlyCount "99"]
[EventDate "2008.04.03"]
[EventType "team"]
[EventRounds "9"]
[EventCountry "RUS"]
[SourceTitle "CBM 123 Extra"]
[Source "ChessBase"]
[SourceDate "2008.05.06"]
[SourceVersion "1"]
[SourceVersionDate "2008.05.06"]
[SourceQuality "1"]

1. d4 d5 2. c4 c6 3. Nf3 Nf6 4. e3 Bf5 5. Qb3 Qb6 6. cxd5 Qxb3 7. axb3 Nxd5 8. Nc3 Nb4 9. Kd2 Nd7 10. e4 Bg4 11. Na2 e5 12. dxe5 Nxa2 13. Rxa2 Bc5 14. Ke2 Be6 15. Be3 Bxb3 16. Ra1 Bc4+ 17. Kd2 Bxf1 18. Rhxf1 0-0-0 19. Ke2 a6 20. Rfd1 Bxe3 21. Kxe3 Rhe8 22. Kf4 Kc7 23. h4 Re7 24. Rd4 Nxe5 25. Rxd8 Ng6+ 26. Kf5 Kxd8 27. h5 Nf8 28. h6 g6+ 29. Kf6 Nd7+ 30. Kg7 f5+ 31. Kg8 fxe4 32. Ng5 Nf6+ 33. Kf8 Rd7 34. Re1 Ng4 35. Nf7+ Kc7 36. f3 exf3 37. gxf3 Nxh6 38. Nxh6 Rd3 39. Rf1 Kd6 40. Kg7 Ke5 41. f4+ Ke4 42. Kxh7 Rf3 43. Rc1 Rxf4 44. Kxg6 Rf2 45. b3 Rf3 46. Rb1 Kd3 47. Nf5 Rf4 48. Rd1+ Kc2 49. Rh1 Kxb3 50. Rb1+ 1/2-1/2

[Event "Moscow op-A 04th"]
[Site "Moscow"]
[Date "2008.02.08"]
[Round "7"]
[White "Paveliev, Alexey"]
[Black "Liberzon, Roman"]
[Result "1-0"]
[WhiteElo "2423"]
[BlackElo "2240"]
[PlyCount "49"]
[EventDate "2008.02.02"]
[EventType "swiss"]
[EventRounds "9"]
[EventCountry "RUS"]
[SourceTitle "CBM 122 Extra"]
[Source "ChessBase"]
[SourceDate "2008.03.04"]
[SourceVersion "1"]
[SourceVersionDate "2008.03.04"]
[SourceQuality "1"]

1. e4 c6 2. d4 g6 3. Nf3 Bg7 4. Nc3 d5 5. Bf4 dxe4 6. Nxe4 Bf5 7. Ng3 Nf6 8. Nxf5 Qa5+ 9. Qd2 Qxd2+ 10. Bxd2 gxf5 11. Bd3 e6 12. 0-0 0-0 13. Rfe1 Nbd7 14. c4 Rfd8 15. Bg5 Nc5 16. Bxf5 exf5 17. dxc5 Re8 18. Be3 Ne4 19. Nh4 f4 20. Bxf4 Bxb2 21. Rad1 Bc3 22. Re3 Bd2 23. Rxd2 Nxd2 24. Rg3+ Kh8 25. Bxd2 1-0

[Event "Moscow op-A 04th"]
[Site "Moscow"]
[Date "2008.02.06"]
[Round "5"]
[White "Paveliev, Alexey"]
[Black "Hovhannisyan, Robert"]
[Result "0-1"]
[WhiteElo "2423"]
[BlackElo "2319"]
[PlyCount "62"]
[EventDate "2008.02.02"]
[EventType "swiss"]
[EventRounds "9"]
[EventCountry "RUS"]
[SourceTitle "CBM 122 Extra"]
[Source "ChessBase"]
[SourceDate "2008.03.04"]
[SourceVersion "1"]
[SourceVersionDate "2008.03.04"]
[SourceQuality "1"]

1. e4 e5 2. Nf3 Nf6 3. Nc3 Nc6 4. Bb5 Nd4 5. 0-0 Nxb5 6. Nxb5 c6 7. Nc3 d6 8. d4 Qc7 9. Bg5 Be7 10. h3 0-0 11. d5 h6 12. Bxf6 Bxf6 13. Qd3 Be7 14. Qc4 Qb6 15. Rad1 Bd7 16. Nd2 c5 17. Qd3 f5 18. Nc4 Qd8 19. f4 b5 20. Nxe5 c4 21. Qe2 dxe5 22. fxe5 b4 23. Nb1 fxe4 24. d6 Bg5 25. Qxe4 Kh8 26. Qxc4 Qb6+ 27. Kh1 Bc6 28. Qg4 Qb5 29. Nd2 Bxd2 30. Rxf8+ Rxf8 31. Rxd2 Rf1+ 0-1

[Event "Moscow op-A 04th"]
[Site "Moscow"]
[Date "2008.02.04"]
[Round "3"]
[White "Paveliev, Alexey"]
[Black "Ajrapetian, Gevorg"]
[Result "0-1"]
[WhiteElo "2423"]
[BlackElo "2298"]
[PlyCount "99"]
[EventDate "2008.02.02"]
[EventType "swiss"]
[EventRounds "9"]
[EventCountry "RUS"]
[SourceTitle "CBM 122 Extra"]
[Source "ChessBase"]
[SourceDate "2008.03.04"]
[SourceVersion "1"]
[SourceVersionDate "2008.03.04"]
[SourceQuality "1"]

1. e4 c5 2. Nf3 e6 3. Nc3 a6 4. g3 d6 5. d4 cxd4 6. Nxd4 Nf6 7. Bg2 Be7 8. 0-0 Qc7 9. Nce2 0-0 10. b3 Nbd7 11. c4 Rb8 12. Bb2 b6 13. Rc1 Bb7 14. Nc3 Rbc8 15. Qe2 Qb8 16. f4 Rfd8 17. f5 e5 18. Nc2 Qa8 19. Nb4 a5 20. Nbd5 Bxd5 21. exd5 Nc5 22. Rcd1 Qb7 23. g4 h6 24. h4 Nh7 25. Qf2 Bf6 26. Kh2 e4 27. Nxe4 Nxe4 28. Bxe4 b5 29. cxb5 Bxb2 30. Qxb2 Qxb5 31. Bf3 Re8 32. Qd2 a4 33. bxa4 Qxa4 34. Rf2 Nf6 35. Rg1 h5 36. Bd1 Qe4 37. Qf4 hxg4 38. Qxe4 Rxe4 39. Rc2 Ra8 40. Rcg2 Ra3 41. Bb3 Ra8 42. Rc2 Re3 43. Rgg2 Ne4 44. Rg1 Rh3+ 45. Kg2 Rg3+ 46. Kh2 Rh3+ 47. Kg2 Nc5 48. Rc4 Nxb3 49. Rxg4 Rc3 50. a4 0-1

[Event "Dimitrov IM-A"]
[Site "Dimitrov"]
[Date "2007.07.30"]
[Round "16"]
[White "Filatov, Dmitry"]
[Black "Paveliev, Alexey"]
[Result "0-1"]
[WhiteElo "2292"]
[BlackElo "2405"]
[PlyCount "100"]
[EventDate "2007.07.07"]
[EventType "tourn"]
[EventRounds "19"]
[EventCountry "RUS"]
[EventCategory "1"]
[SourceTitle "CBM 119 Extra"]
[Source "ChessBase"]
[SourceDate "2007.09.04"]
[SourceVersion "1"]
[SourceVersionDate "2007.09.04"]
[SourceQuality "1"]

1. d4 d5 2. c4 c6 3. Nf3 Nf6 4. e3 g6 5. Bd3 Bg7 6. b3 Bf5 7. Bxf5 gxf5 8. Bb2 Nbd7 9. Nc3 e6 10. h3 Ne4 11. g4 fxg4 12. hxg4 Ndf6 13. Nxe4 Nxe4 14. Nd2 Qa5 15. Ke2 0-0-0 16. Nxe4 dxe4 17. Rh5 Qc7 18. Qh1 e5 19. Qxe4 exd4 20. Kf1 Rhe8 21. Qf5+ Kb8 22. Qxh7 Bh8 23. exd4 Qf4 24. Qf5 Qd2 25. Bc1 Qe2+ 26. Kg2 Bxd4 27. Bf4+ Ka8 28. Rf1 Re6 29. Rh6 Rg8 30. Rxe6 fxe6 31. Qf7 Qxg4+ 32. Bg3 Rh8 33. Re1 e5 34. Qe7 Qh3+ 35. Kf3 Qh5+ 36. Kg2 a6 37. b4 Bc3 38. Rc1 Bd2 39. Rg1 Qh3+ 40. Kf3 Qf5+ 41. Ke2 Bc3 42. Qc5 Bd4 43. Qd6 Qc2+ 44. Kf1 Qxc4+ 45. Kg2 Qe2 46. Qf6 Qh5 47. Kf1 Qh3+ 48. Ke2 Qg4+ 49. f3 Qg8 50. Bxe5 Qc4+ 0-1

[Event "Dimitrov IM-A"]
[Site "Dimitrov"]
[Date "2007.07.27"]
[Round "10"]
[White "Fokin, Stanislav"]
[Black "Paveliev, Alexey"]
[Result "0-1"]
[WhiteElo "2114"]
[BlackElo "2405"]
[PlyCount "52"]
[EventDate "2007.07.07"]
[EventType "tourn"]
[EventRounds "19"]
[EventCountry "RUS"]
[EventCategory "1"]
[SourceTitle "CBM 119 Extra"]
[Source "ChessBase"]
[SourceDate "2007.09.04"]
[SourceVersion "1"]
[SourceVersionDate "2007.09.04"]
[SourceQuality "1"]

1. e4 e6 2. d4 d5 3. Nc3 Bb4 4. e5 c5 5. a3 Bxc3+ 6. bxc3 Ne7 7. Qg4 Qc7 8. Qxg7 Rg8 9. Qxh7 cxd4 10. Ne2 Nbc6 11. f4 dxc3 12. Qd3 Bd7 13. Rb1 Nf5 14. h4 Nce7 15. Kf2 Bc6 16. g3 d4 17. Bg2 0-0-0 18. Rg1 Bxg2 19. Rxg2 Nd5 20. Qe4 Qc5 21. Kf3 d3 22. cxd3 Rxg3+ 23. Rxg3 Nxh4+ 24. Kg4 f5+ 25. exf6 Nxf6+ 26. Kxh4 Qh5# 0-1

[Event "Dimitrov IM-A"]
[Site "Dimitrov"]
[Date "2007.07.27"]
[Round "11"]
[White "Paveliev, Alexey"]
[Black "Puchkov, Andrey"]
[Result "1-0"]
[WhiteElo "2405"]
[BlackElo "2252"]
[PlyCount "101"]
[EventDate "2007.07.07"]
[EventType "tourn"]
[EventRounds "19"]
[EventCountry "RUS"]
[EventCategory "1"]
[SourceTitle "CBM 119 Extra"]
[Source "ChessBase"]
[SourceDate "2007.09.04"]
[SourceVersion "1"]
[SourceVersionDate "2007.09.04"]
[SourceQuality "1"]

1. e4 c5 2. Nf3 d6 3. Nc3 Nf6 4. d4 cxd4 5. Nxd4 a6 6. Bc4 e6 7. Bb3 Be7 8. 0-0 0-0 9. a4 Nc6 10. Be3 Bd7 11. Qe2 Na5 12. f4 Qc7 13. g4 Nxb3 14. cxb3 d5 15. e5 Ne4 16. Rac1 Qa5 17. Nxe4 dxe4 18. Bf2 Rac8 19. Qxe4 Qb4 20. Qd3 Rfd8 21. Rxc8 Bxc8 22. Qc3 Bc5 23. Rc1 Qxc3 24. bxc3 Bxd4 25. Bxd4 Bd7 26. Bb6 Rc8 27. Kf2 Bc6 28. Ke3 h6 29. c4 Kh7 30. Rf1 Kg6 31. h4 f5 32. exf6 gxf6 33. Bd4 h5 34. g5 e5 35. fxe5 f5 36. Bb6 Be4 37. Rd1 Bc2 38. Rd6+ Kf7 39. Bd8 Bxb3 40. e6+ Ke8 41. g6 f4+ 42. Kxf4 Bc2 43. g7 Bh7 44. Bf6 Bg8 45. Kg5 b5 46. cxb5 axb5 47. axb5 Bxe6 48. Rxe6+ Kf7 49. Re7+ Kg8 50. Be5 Rd8 51. b6 1-0